000 01008cam a22003135a 4500
001 11717364
005 20160322141213.0
008 130917r20052001enka frbd 001 0 eng d
020 _a9781136025778
020 _a1136025774
020 _z9780240515717
040 _aUMI
_beng
_cUMI
_dEG-ScBUE
043 _ae-uk---
082 0 4 _222
_a070.194
_bBOY
100 1 _aBoyd, Andrew,
_d1956-
_939634
245 1 0 _aBroadcast journalism :
_btechniques of radio and television news /
_cAndrew Boyd.
250 _a5th ed., Reprint ed.
260 _aOxford ;
_aBurlington :
_bFocal Press / Elsevier,
_c2005.
300 _axxiv, 442 p. :
_bill. ;
_c25 cm.
500 _aGlossary : p. [418]-423.
500 _aIndex : p. [425]-442.
500 _aReprinted of 2001 ed.
504 _aIncludes bibliographical references.
506 _aAccess restricted by licensing agreement.
650 7 _aBroadcast journalism
_zGreat Britain.
_2BUEsh
_939626
651 _2BUEsh
653 _bCOMAME
_cMarch2016
942 _2ddc
999 _c21473
_d21445